Základy teórie elektrických ohrevov : (elektrické teplo) /

Hlavní autor: Novák, Pavol, elektrotechnik
Jazyk: Slovenština
Vydáno: Košice : Technická univerzita, 1991
Vydání: 1. vyd.
Edice: Vysokoškolské skriptá
Témata:
Fyzický popis: 138 s.
Knihy
Uloženo v:
LEADER 01014nam a2200277 a 4500
001 000174412
003 CZ BrMZK
005 20120523115311.0
007 ta
008 970103s1991 xo f 000 0 slo d
040 |a BOA001  |b cze 
080 9 |a 621.365(075) 
100 1 |a Novák, Pavol,  |c elektrotechnik  |4 aut 
245 1 0 |a Základy teórie elektrických ohrevov :  |b (elektrické teplo) /  |c Pavol Novák 
250 |a 1. vyd. 
260 |a Košice :  |b Technická univerzita,  |c 1991 
300 |a 138 s. 
490 1 |a Vysokoškolské skriptá 
504 |a Obsahuje bibliografii 
810 2 |a Technická univerzita (Košice, Slovensko).  |t Vysokoškolské skriptá 
910 |a BOA001  |b TK-A-0249.468  |b 4-0975.940 
920 |a 000321112 
964 |a Teplo elektrické - učebnice - školy vysoké 
990 |a BK 
996 7 |b 2619847988  |c 4-0975.940  |l MZK  |r Sklad / do 1 hodiny  |n 5  |w 000174412  |u 000020  |a 1  |e BOA001  |j MZK50  |s A 
996 7 |b 2629988681  |c TK-A-0249.468  |l MZK  |r Sklad / do 24 hodin  |n 0  |w 000174412  |u 000010  |a 1  |e BOA001  |j MZK50  |s A